| 000 | 01100naa a22003257a 4500 | ||
|---|---|---|---|
| 001 | BR7602350 | ||
| 003 | BR-BrBNA | ||
| 005 | 20240918173816.0 | ||
| 007 | ta | ||
| 008 | 230509b bl.||||| |||| 00| 0 por d | ||
| 040 |
_aBR-BrBNA _bpor _cBiblioteca Nacional de Agricultura |
||
| 041 | _a(Pt) | ||
| 072 | _aM40 | ||
| 090 | _aM40 BR7602350 | ||
| 100 | 1 | _aCavalcanti, D.F. | |
| 100 | 1 | _aBandeira, N.M.A. | |
| 111 | 1 |
_a3. Seminario Nacional de Irrigacao e Drenagem _cFortaleza, CE (Brazil) _d16 Nov 1975 |
|
| 245 | 1 | _aPreservacao de ambientes aquaticos | |
| 260 | 3 |
_aFortaleza, CE (Brasil): _c1976. |
|
| 500 | _aAnais do 3. Seminario Nacional de Irrigacao e Drenagem Fortaleza, CE (Brasil): 1976. p. 123-125 (BR7602350-AM)M40 | ||
| 650 | _aBiologia aquatica | ||
| 650 | _aAcude | ||
| 650 | _aEcologia aquatica | ||
| 650 | _aLagoa | ||
| 650 | _aMigracao animal | ||
| 650 | _aPiscicultura | ||
| 773 | 0 |
_tAnais do 3. Seminario Nacional de Irrigacao e Drenagem _b _wM40 BR7602350 _gFortaleza, CE (Brasil), 1976. p. 123-125 |
|
| 909 |
_a202404 _bLucia _c55 _dLucia Elande |
||
| 942 |
_cAM _2AGRIS |
||
| 999 |
_c307054 _d307054 |
||